Biggest Cities in Missouri in 1950 - Statistics

General Stats
  • This quiz has been taken 78 times
  • The average score is 12 of 20
Answer Stats
Population County Answer % Correct
456,622 JacksonClay Kansas City
100%
856,796 - St. Louis
100%
31,974 Boone Columbia
93%
66,731 Greene Springfield
91%
25,099 Cole Jefferson City
89%
38,711 Jasper Joplin
89%
78,588 Buchanan St. Joseph
87%
36,963 Jackson Independence
83%
14,314 St. Charles St. Charles
78%
21,578 Cape Girardeau Cape Girardeau
72%
20,444 Marion Hannibal
52%
39,892 St. Louis University City
50%
16,035 St. Louis Clayton
43%
18,640 St. Louis Kirkwood
39%
20,354 Pettis Sedalia
39%
15,064 Butler Poplar Bluff
35%
23,390 St. Louis Webster Groves
24%
15,282 St. Louis Jennings
15%
15,045 St. Louis Richmond Heights
15%
13,416 St. Louis Maplewood
13%
No matching quizzes found
Score Distribution
Percent of People with Each Score
Percentile by Number Answered
Your Score History
You have not taken this quiz